000 01400nam a22002417a 4500
003 DO-SdBNP
005 20220526102708.0
007 ta
008 201120b 2018 dr 00| 0 eng d
020 _a9789945610185
040 _aDO-SdBNP
_bspa
_cBNPHU
082 4 _222
100 1 _aCury, Jottin
_910227
245 1 0 _aApuntes para la incorporación del fondo de comercio en RD /
_cJottin Cury hijo ; presentacion Diego López Garrido ; prólogo Juan M. Velázquez Gardeta.
260 _aSanto Domingo :
_bTribunal Constitucional de la República Dominicana,
_c2018.
300 _a495 p. ;
_c24 cm.
500 _aIncluye referencias bibliográficas y notas al pie de las páginas
504 _aBibliografía : p. 485-495
505 0 _aDedicatoria --
_tAbreviatura utilizadas --
_tPresentación --
_tPrólogo --
_tEvolución histórica, concepto y naturaleza jurídica del fondo de comercio ---
_tElementos constitutivos del fondo de comercio --
_tEl arrendamientos de los locales comerciales y la localización gerencia --
_tLa venta y pignoración del fondo de comercio --
_tEl fondo de comercio como derivado de dos derechos constitucionales: el de propiedad y el de la libre empresa --
_tEl punto comercial en la República Dominicana --
_tConclusiones generales --
_tBibliografía.
590 _aInventariado, 2020 /LP
700 1 _aVelázquez Gardeta, Juan M.,
_eprólogo
_977333
942 _2ddc
_cLBS1
999 _c49163
_d49163